Chefs d'Etat du XX et XXIème siècle par images II - Statistiques

Statistiques générales
  • Ce quiz a été pris 31 fois
  • Le résultat moyen est 3 sur 16
Statistiques - réponses
Par images Réponse % Correct
Angela Merkel
94%
François Mitterand
74%
Silvio Berlusconi
48%
Jean-Bedel Bokassa
32%
Claudia Sheinbaum
23%
Dilma Rousseff
23%
Theodore Roosevelt
19%
Hideki Tojo
10%
Juan Peron
6%
Saparmyrat Nyyazow
6%
Mikheil Saakachvili
3%
Sheikh Hasina
3%
Bola Tinubu
0%
Ismet Inonu
0%
Scott Morrison
0%
Yoon Suk-yeol
0%
Aucun quiz correspondant
Distribution des résultats
% des personnes avec chaque résultat
Percentile par nombre de réponses
Votre historique - résultats
Vous n’avez pas pris ce quiz